Trenerzy piłki nożnej na literę T - Statystyki

Ogólne statystyki
  • Ten quiz został rozwiązany 21 razy
  • Średni wynik to 4 z 11
Statystyki odpowiedzi
Prowadzone zespoły Odpowiedź % Poprawnych
Mainz 2009-2014 Borussia Dortmund 2015-2017 PSG 2018-2020 Chelsea 2021-2022 Bayern Monachium 2023-2024 Anglia 2025- Thomas Tuchel
85%
Juventus 1976-1986 1991-1994 Inter Mediolan 1986-1991 Bayern Monachium 1994-1995 1996-1998 Włochy 2000-2004 Irlandia 2008-2013 Giovanni Trapattoni
50%
Borussia Dortmund 2020-2021 2022-2024 Edin Terzic
40%
Brazylia 2016-2022 Tite
40%
Puszcza Niepołomice 2015- Tomasz Tułacz
40%
Schalke 04 2017-2019 Spartak Moskwa 2019-2021 RB Lipsk 2021-2022 Belgia 2023-2025 Fenerbahce 2025- Domenico Tedesco
30%
Urugwaj 1988-1990 2006-2021 Oscar Tabarez
30%
Turcja 1993-1996 2005-2009 2013-2017 Galatasaray 1996-2000 2002-2004 2011-2013 2017-2022 Fatih Terim
15%
Real Sociedad 1985-1989 1991-1994 2001-2002 Real Madryt 1989-1990 Deportivo La Coruna 1995-1997 Walia 2004-2010 John Toshack
10%
Belgia 1976-1989 1990-1991 Guy Thys
5%
VfL Bochum 1994-1999 Bayer Leverkusen 2001-2003 Klaus Toppmoller
5%
Nie znaleziono quizów pasujących do podanych kryteriów
Rozkład punktacji
Procent ludzi z każdym wynikiem
Percentyl według liczby udzielonych odpowiedzi
Twoja historia wyników
Nie rozwiązałeś tego quizu